| 000 | 00883nam a2200253Ia 4500 | ||
|---|---|---|---|
| 001 | 23617 | ||
| 003 | GE_BSU | ||
| 008 | 181216s||||||||xx |||||||||||||| ||und|| | ||
| 020 | _a99928-58-36-2 | ||
| 040 | _cGE_BSU | ||
| 080 | _a929.731(479.22) + 94(479.22) | ||
| 245 | _aსაქართველოს მეფეები | ||
| 245 | _cრედ.: მარიამ ლორთქიფანიძე, როინ მეტრეველი | ||
| 260 | _aთბილისი | ||
| 260 | _bნეკერი | ||
| 260 | _c2007 | ||
| 300 | _a282 გვ. ; 20 სმ.. | ||
| 300 | _eბიბლიოგრ. თავების ბოლოს. | ||
| 541 | _h12 ლ. | ||
| 653 | _aისტორია | ||
| 653 | _aსაქართველოს ისტორია | ||
| 653 | _aსაქართველოს მეფეები | ||
| 942 | _cBK | ||
| 999 |
_c56504 _d56504 |
||